[Event "Lichtenberger Sommer"]
[Site "Berlin"]
[Date "2009.08.19"]
[Round "5.20"]
[White "Costello, Colin"]
[Black "Kapp, Martin"]
[Result "1/2-1/2"]
[WhiteElo "2038"]
[BlackElo "2134"]
[PlyCount "149"]
[EventDate "2009.??.??"]
[WhiteTeam "SC Weisse Dame e.V."]
[BlackTeam "TSV IFA Chemnitz"]

1. c4 Nf6 2. g3 g6 3. Bg2 Bg7 4. Nf3 O-O 5. Nc3 d6 6. O-O c5 7. d4 Nc6 8. d5
Ne5 9. Nd2 Nh5 10. Qc2 f5 11. b3 f4 12. Bb2 Bf5 13. Nce4 Qd7 14. Rae1 Rf7 15.
Qc1 h6 16. Qa1 Bh3 17. Nxc5 Qf5 18. Ne6 Bxg2 19. Kxg2 f3+ 20. Nxf3 Nxf3 21.
exf3 Qxf3+ 22. Kg1 Bxb2 23. Qxb2 Rc8 24. Qd4 b6 25. Re3 Qf6 26. Qxf6 Nxf6 27.
a4 a6 28. Nd4 Ng4 29. Re6 Rg7 30. f4 Nf6 31. Rfe1 Rc7 32. Nc6 Kf8 33. Nd4 Nd7
34. Rxd6 exd6 35. Ne6+ Kf7 36. Nxc7 Nc5 37. Ne6 Rg8 38. Nxc5 bxc5 39. Re6 Rb8
40. Rxd6 Rxb3 41. Rc6 Rb4 42. Rxc5 Rxa4 43. Kf2 Ra3 44. Rc6 a5 45. Ra6 Rc3 46.
Rxa5 Rxc4 47. Ke3 Rc2 48. Kd4 Rxh2 49. Ke5 Re2+ 50. Kd6 Re3 51. Kc7 Rc3+ 52.
Kd7 Rxg3 53. d6 Rc3 54. Re5 h5 55. Rg5 Kf6 56. Kd8 Rc4 57. d7 Rxf4 58. Rd5 Ra4
59. Kc7 Ra8 60. d8=Q+ Rxd8 61. Kxd8 h4 62. Kd7 g5 63. Kd6 h3 64. Rd2 Kf5 65.
Kd5 Kf4 66. Kd4 g4 67. Rf2+ Kg3 68. Ke3 h2 69. Rf1 Kg2 70. Rf2+ Kg1 71. Ra2 g3
72. Ra1+ Kg2 73. Kf4 h1=Q 74. Rxh1 Kxh1 75. Kxg3 1/2-1/2

[Event "Lichtenberger Sommer"]
[Site "Berlin"]
[Date "2009.08.19"]
[Round "5.21"]
[White "Kirchhof, Arno"]
[Black "Friedrich, Wiede"]
[Result "0-1"]
[WhiteElo "2068"]
[BlackElo "2087"]
[PlyCount "54"]
[EventDate "2009.??.??"]
[WhiteTeam "SC Garching 1980 e.V."]
[BlackTeam "USV Potsdam e.V., Abt. Schach"]

1. d4 Nf6 2. Nf3 g6 3. Bf4 Bg7 4. h3 O-O 5. e3 c5 6. c3 d5 7. Qb3 c4 8. Qa3 Nc6
9. Nbd2 b5 10. b3 Nd7 11. bxc4 bxc4 12. e4 e5 13. Be3 dxe4 14. Nxe4 exd4 15.
cxd4 Re8 16. Nd6 Nxd4 17. Nxd4 Bxd4 18. Bxc4 Ne5 19. Rd1 Bxe3 20. Nxe8 Bd2+ 21.
Rxd2 Qxd2+ 22. Kxd2 Nxc4+ 23. Kc3 Nxa3 24. Kb4 Nc2+ 25. Kc3 Na3 26. Kb4 Be6 27.
Nd6 Nc4 0-1

[Event "Lichtenberger Sommer"]
[Site "Berlin"]
[Date "2009.08.19"]
[Round "5.22"]
[White "Knebel, Lothar"]
[Black "Badestein, Hartmut"]
[Result "0-1"]
[WhiteElo "1789"]
[BlackElo "2182"]
[PlyCount "70"]
[EventDate "2009.??.??"]
[WhiteTeam "SV Oberkochen"]
[BlackTeam "SC Friesen Lichtenberg e.V."]

1. c4 e6 2. Nc3 d5 3. d4 c6 4. e3 Nf6 5. Nf3 Nbd7 6. cxd5 exd5 7. Bd3 Bd6 8.
O-O O-O 9. Re1 Re8 10. Qc2 Nf8 11. h3 Bd7 12. e4 dxe4 13. Nxe4 Nxe4 14. Bxe4
Qc7 15. Ne5 Be6 16. Bd2 Bd5 17. Rac1 Bxe4 18. Rxe4 Rad8 19. Bg5 Rc8 20. Rce1
Ne6 21. Be3 c5 22. d5 Bxe5 23. dxe6 Rxe6 24. f4 Bd4 25. Rxe6 fxe6 26. Qc4 Qd6
27. f5 Qd5 28. Qa4 exf5 29. Kh1 Rf8 30. Qxa7 f4 31. Bxd4 cxd4 32. Re7 f3 33.
Rxb7 fxg2+ 34. Kh2 g1=Q+ 35. Kxg1 Qg5+ 0-1

[Event "Lichtenberger Sommer"]
[Site "Berlin"]
[Date "2009.08.19"]
[Round "5.23"]
[White "Vogel, Robert"]
[Black "Mai, Andreas"]
[Result "1-0"]
[WhiteElo "2318"]
[BlackElo "1950"]
[PlyCount "71"]
[EventDate "2009.??.??"]
[WhiteTeam "SGem Pang/Rosenheim"]
[BlackTeam "SC Friesen Lichtenberg e.V."]

1. d4 Nf6 2. c4 g6 3. Nc3 Bg7 4. e4 d6 5. f3 c6 6. Be3 O-O 7. Qd2 a6 8. a4 Nbd7
9. Nge2 Qa5 10. Nc1 b5 11. b4 Qc7 12. axb5 Bb7 13. bxc6 Bxc6 14. Be2 Rfb8 15.
O-O Bb7 16. Nb3 e6 17. Na5 Ne8 18. Rfc1 f5 19. c5 fxe4 20. fxe4 Ndf6 21. d5 e5
22. Nc4 Bc8 23. Nb6 Ra7 24. cxd6 Nxd6 25. Nxc8 Nxc8 26. Nb5 Qd7 27. Rxc8+ Rxc8
28. Nxa7 Rf8 29. Bf3 Ng4 30. Nc6 Rxf3 31. gxf3 Nxe3 32. Qxe3 Qh3 33. Rxa6 Qh4
34. Ra8+ Bf8 35. d6 Qf6 36. d7 1-0

[Event "Lichtenberger Sommer"]
[Site "Berlin"]
[Date "2009.08.19"]
[Round "5.24"]
[White "Behrmann, Joachim"]
[Black "Tiemer, Klaus"]
[Result "1-0"]
[WhiteElo "2216"]
[BlackElo "1883"]
[PlyCount "73"]
[EventDate "2009.??.??"]
[WhiteTeam "SK Zehlendorf e.V."]
[BlackTeam "TSG Oberschöneweide e.V."]

1. d4 Nf6 2. c4 g6 3. Nc3 Bg7 4. e4 d6 5. Nf3 O-O 6. Be2 e5 7. d5 Nbd7 8. Bg5
h6 9. Bh4 g5 10. Bg3 Nh5 11. h4 Nf4 12. hxg5 hxg5 13. Qc2 Ng6 14. Qd2 Bf6 15.
Nh2 Kg7 16. Ng4 Rh8 17. O-O-O Nf4 18. Ne3 Nc5 19. Rxh8 Kxh8 20. Rh1+ Kg7 21.
Qd1 Nxe2+ 22. Qxe2 Bd7 23. Kc2 a5 24. Qf3 Qc8 25. Qh5 Qh8 26. Qd1 Qc8 27. f3
Kf8 28. Bf2 Ke7 29. Rh7 Qg8 30. Qh1 g4 31. Qh5 gxf3 32. Bh4 fxg2 33. Bxf6+ Ke8
34. Rh8 g1=Q 35. Qh7 Qf2+ 36. Kb1 Qe1+ 37. Ncd1 1-0

[Event "Lichtenberger Sommer"]
[Site "Berlin"]
[Date "2009.08.19"]
[Round "5.25"]
[White "Schatz, Dieter"]
[Black "Fieguth, Bernd"]
[Result "1-0"]
[WhiteElo "2203"]
[BlackElo "1887"]
[PlyCount "69"]
[EventDate "2009.??.??"]
[WhiteTeam "SK Landau"]
[BlackTeam "SF Friedrichshagen"]

1. e4 e5 2. Nf3 Nc6 3. Bc4 Nf6 4. d3 d5 5. Bb3 Be7 6. Qe2 O-O 7. c3 Bg4 8. h3
Be6 9. Nbd2 Re8 10. Nf1 dxe4 11. dxe4 Bxb3 12. axb3 Bc5 13. Ng3 Qd7 14. O-O
Rad8 15. b4 Bb6 16. Bg5 Qd3 17. Qxd3 Rxd3 18. Bxf6 gxf6 19. Nh5 Re6 20. Rad1
Rdd6 21. Nh4 Ne7 22. Nf5 Nxf5 23. exf5 Re7 24. Rxd6 cxd6 25. Nxf6+ Kg7 26. Nd5
Rd7 27. g4 Bd8 28. Kg2 h5 29. Kf3 Kh6 30. Ke4 Kg5 31. Rg1 Bb6 32. Rg2 Bd8 33.
gxh5+ Kxh5 34. f6 Kh6 35. Kf5 1-0

[Event "Lichtenberger Sommer"]
[Site "Berlin"]
[Date "2009.08.19"]
[Round "5.26"]
[White "Rohde, Wolfgang"]
[Black "Keusch, Horst"]
[Result "1-0"]
[WhiteElo "2179"]
[BlackElo "1970"]
[PlyCount "71"]
[EventDate "2009.??.??"]
[WhiteTeam "SC Friesen Lichtenberg e.V."]
[BlackTeam "SC Friesen Lichtenberg e.V."]

1. d4 e6 2. c4 f5 3. g3 Nf6 4. Bg2 Be7 5. Nc3 d6 6. Nf3 O-O 7. O-O c6 8. Qc2 d5
9. b3 Nbd7 10. Bb2 Qe8 11. Ng5 Bd6 12. e3 Ne4 13. Nh3 Ndf6 14. f3 Nxc3 15. Bxc3
Qh5 16. Nf4 Qh6 17. Bd2 g5 18. Nd3 Qg7 19. Nf2 g4 20. f4 Bd7 21. Nd3 Rac8 22.
Bb4 Bxb4 23. Nxb4 h5 24. Nd3 Qe7 25. Ne5 Kg7 26. h3 gxh3 27. Bxh3 Ne4 28. Kh2
Rg8 29. Rg1 Rh8 30. Rac1 Nf6 31. Qe2 Rcg8 32. Qe1 Kf8 33. Qa5 a6 34. Qc7 Rh7
35. Qxb7 Rgh8 36. Ng6+ 1-0

[Event "Lichtenberger Sommer"]
[Site "Berlin"]
[Date "2009.08.19"]
[Round "5.27"]
[White "Jabbusch, Burkhard"]
[Black "Schnitzer, Peter"]
[Result "0-1"]
[WhiteElo "2017"]
[BlackElo "2183"]
[PlyCount "64"]
[EventDate "2009.??.??"]
[WhiteTeam "FHSG Stralsund"]
[BlackTeam "SC Kreuzberg e.V."]

1. f4 c5 2. e4 d5 3. e5 Nc6 4. Nf3 Bg4 5. c3 e6 6. Be2 f6 7. exf6 Qxf6 8. d3
Bd6 9. g3 Nge7 10. Be3 O-O 11. O-O Bh3 12. Rf2 d4 13. Bd2 h6 14. Na3 Rac8 15.
Nc2 e5 16. Qe1 exf4 17. gxf4 Bxf4 18. Qc1 Nd5 19. Bxf4 Nxf4 20. Nce1 Rce8 21.
Qd2 Nxe2+ 22. Rxe2 Ne5 23. Rf2 Ng4 24. Re2 Ne3 25. Rf2 Re6 26. cxd4 cxd4 27.
Rc1 Qg6+ 28. Kh1 Ref6 29. b4 Qh5 30. Rc5 Qg4 31. Qe2 Qd7 32. a3 Qf7 0-1

[Event "Lichtenberger Sommer"]
[Site "Berlin"]
[Date "2009.08.19"]
[Round "5.28"]
[White "Wasem, Ralph"]
[Black "Walter, Günter"]
[Result "0-1"]
[WhiteElo "2133"]
[BlackElo "2042"]
[PlyCount "29"]
[EventDate "2009.??.??"]
[WhiteTeam "SK Landau"]
[BlackTeam "TSG Oberschöneweide e.V."]

1. d4 e6 2. Bf4 Nf6 3. e3 c5 4. c3 cxd4 5. cxd4 Nc6 6. a3 g6 7. Bg3 h5 8. f3
Nd5 9. Bf2 Qa5+ 10. Nd2 Bg7 11. b4 Qd8 12. Nc4 f5 13. e4 fxe4 14. fxe4 O-O 15.
e5 0-1

[Event "Lichtenberger Sommer"]
[Site "Berlin"]
[Date "2009.08.19"]
[Round "5.29"]
[White "Gräfe, Charly"]
[Black "Amelang, Thomas"]
[Result "1-0"]
[WhiteElo "1889"]
[BlackElo "2176"]
[PlyCount "175"]
[EventDate "2009.??.??"]
[WhiteTeam "SF Friedrichshagen"]
[BlackTeam "SK Siemens München"]

1. e4 d6 2. d4 g6 3. Nc3 Bg7 4. f4 c6 5. Nf3 Nf6 6. Be2 b5 7. e5 dxe5 8. dxe5
Qxd1+ 9. Bxd1 Nd5 10. Nxd5 cxd5 11. Nd4 Bd7 12. Bf3 e6 13. O-O O-O 14. c3 Rc8
15. Be3 Bf8 16. g4 Bc5 17. Rad1 Nc6 18. Kf2 Rab8 19. Rc1 a5 20. Be2 b4 21. c4
a4 22. Nxc6 Bxe3+ 23. Kxe3 Bxc6 24. c5 Kg7 25. Kd4 h6 26. Bd3 f5 27. Rg1 Kf7
28. gxf5 exf5 29. Rg3 Rh8 30. Rcg1 Rbg8 31. h4 h5 32. Rg5 Bd7 33. R1g2 Rh6 34.
R5g3 Rc8 35. Rg1 Ra8 36. Be2 Bc6 37. Bf3 Rd8 38. R3g2 Bb7 39. e6+ Kf6 40. e7
Re8 41. Bxd5 Bxd5 42. Kxd5 Rxe7 43. c6 Kf7 44. Kc5 Re6 45. Rd1 g5 46. fxg5
Rxc6+ 47. Kxb4 Rhe6 48. Rd4 Re4 49. Rxe4 fxe4 50. Re2 Re6 51. Kc4 Re5 52. Kd4
Rb5 53. a3 Rb3 54. Rxe4 Rxb2 55. Ke5 Rb5+ 56. Kf4 Ra5 57. Re5 Ra7 58. Kf5 Kg7
59. Rc5 Kh7 60. Rc6 Rf7+ 61. Ke4 Re7+ 62. Kd4 Ra7 63. Kc5 Ra8 64. Kb5 Kg7 65.
Ra6 Re8 66. Rxa4 Re3 67. Kc5 Rh3 68. Kd5 Kg6 69. Ke5 Re3+ 70. Kf4 Rh3 71. Ra6+
Kg7 72. a4 Rxh4+ 73. Kf5 Rc4 74. Ra7+ Kf8 75. Kg6 h4 76. Ra8+ Ke7 77. Kg7 Rb4
78. g6 Rg4 79. a5 Rg5 80. Rh8 Rxa5 81. Rxh4 Re5 82. Rf4 Re1 83. Kg8 Rg1 84. g7
Rh1 85. Re4+ Kd7 86. Kf7 Rf1+ 87. Kg6 Rg1+ 88. Kf6 1-0

[Event "Lichtenberger Sommer"]
[Site "Berlin"]
[Date "2009.08.19"]
[Round "5.30"]
[White "Baranowsky, Peter"]
[Black "Rozov, Boris"]
[Result "0-1"]
[WhiteElo "1935"]
[BlackElo "2138"]
[PlyCount "47"]
[EventDate "2009.??.??"]
[WhiteTeam "Sfrd. Berlin 1903 e.V."]
[BlackTeam "vereinslos"]

1. d4 Nf6 2. Nf3 d5 3. e3 Bg4 4. h3 Bh5 5. g4 Bg6 6. Ne5 Nfd7 7. Nxg6 hxg6 8.
Nc3 e6 9. Bd2 c5 10. Bg2 Nc6 11. dxc5 Bxc5 12. Na4 Be7 13. c4 Nf6 14. c5 Qc7
15. b4 Ne5 16. Qb3 Ne4 17. Bxe4 dxe4 18. Ke2 Qd7 19. Nb2 O-O-O 20. Qc2 Qb5+ 21.
Kd1 Nf3 22. Nc4 Rxd2+ 23. Nxd2 Rd8 24. Rb1 0-1

[Event "Lichtenberger Sommer"]
[Site "Berlin"]
[Date "2009.08.19"]
[Round "5.31"]
[White "Hohn, August"]
[Black "Handel, Horst"]
[Result "1/2-1/2"]
[WhiteElo "2069"]
[BlackElo "2127"]
[PlyCount "85"]
[EventDate "2009.??.??"]
[WhiteTeam "SC Zugzwang 95 e.V."]
[BlackTeam "SC Friesen Lichtenberg e.V."]

1. Nf3 f5 2. c4 Nf6 3. Nc3 e6 4. g3 d5 5. cxd5 exd5 6. d4 c6 7. Bg2 Bd6 8. Bg5
O-O 9. Qd2 Be6 10. Bf4 Ne4 11. Nxe4 dxe4 12. Ng5 Bxf4 13. gxf4 Bd5 14. f3 exf3
15. Bxf3 h6 16. Bxd5+ Qxd5 17. Nf3 Nd7 18. O-O Rae8 19. Rac1 Qxa2 20. Ra1 Qc4
21. Ne5 Nxe5 22. fxe5 a6 23. Ra5 Re6 24. Rc5 Rg6+ 25. Kh1 Qe6 26. Qb4 Rf7 27.
Qc4 Qd7 28. e4 fxe4 29. Rf4 Re6 30. Rxe4 b6 31. d5 cxd5 32. Rxd5 Qc6 33. Rd8+
Kh7 34. Qxc6 Rxc6 35. Kg2 Rg6+ 36. Kh3 Rf3+ 37. Kh4 Rg2 38. Rd7 Rxh2+ 39. Kg4
Rf1 40. Kg3 Rh5 41. e6 Rg5+ 42. Kh2 Rf2+ 43. Kh1 1/2-1/2

[Event "Lichtenberger Sommer"]
[Site "Berlin"]
[Date "2009.08.19"]
[Round "5.32"]
[White "Mayer, Herbert"]
[Black "Kapr, Klaus"]
[Result "1/2-1/2"]
[WhiteElo "1917"]
[BlackElo "2044"]
[PlyCount "81"]
[EventDate "2009.??.??"]
[WhiteTeam "SC Rochade e.V."]
[BlackTeam "SC Friesen Lichtenberg e.V."]

1. c4 e5 2. Nc3 Nf6 3. g3 Nc6 4. Bg2 Bc5 5. e3 O-O 6. Nge2 d6 7. O-O Bg4 8. a3
a5 9. h3 Bh5 10. Kh2 Re8 11. Qc2 Bg6 12. d3 Nd7 13. Qd2 Rb8 14. Nd5 Ra8 15. b3
Ne7 16. Bb2 c6 17. Nxe7+ Qxe7 18. b4 Bb6 19. d4 exd4 20. Bxd4 Be4 21. f3 Bg6
22. Nf4 axb4 23. Nxg6 hxg6 24. axb4 Bxd4 25. Rxa8 Rxa8 26. exd4 Nb6 27. Re1 Qf6
28. Rc1 Qe6 29. Bf1 Re8 30. Rc2 d5 31. c5 Nc4 32. Bxc4 dxc4 33. Qc3 Qd5 34. Kg2
Re6 35. Kf2 Rf6 36. Re2 Re6 37. Rc2 Rf6 38. Re2 Qf5 39. Kg2 Qh5 40. Re5 g5 41.
h4 1/2-1/2

[Event "Lichtenberger Sommer"]
[Site "Berlin"]
[Date "2009.08.19"]
[Round "5.33"]
[White "Kornrumpf, Joachim"]
[Black "Jordans, Ralph"]
[Result "1-0"]
[WhiteElo "2119"]
[BlackElo "1870"]
[PlyCount "111"]
[EventDate "2009.??.??"]
[WhiteTeam "Preetzer TSV"]
[BlackTeam "Ford-Schachfreunde Köln e.V."]

1. b3 Nf6 2. Bb2 c5 3. Nf3 Nc6 4. c4 e6 5. e3 b6 6. Be2 Bb7 7. O-O Bd6 8. d4
Rc8 9. Nc3 Bb8 10. d5 Ne7 11. e4 Ng6 12. Re1 h5 13. Bd3 Ne5 14. Qe2 Nfg4 15. h3
Nxf3+ 16. Qxf3 Qh4 17. Nd1 Ne5 18. Qe3 Rh6 19. Bf1 Rg6 20. g3 Nd3 21. Bg2 Nxe1
22. gxh4 Nxg2 23. Qc3 Nxh4+ 24. Kf1 f6 25. Qd3 Bh2 26. Ke2 Ng2 27. Kd2 Bf4+ 28.
Ne3 Bh6 29. Rf1 Nf4 30. Qc2 e5 31. Kc1 d6 32. Kb1 Rc7 33. Nf5 Rd7 34. Bc1 Bc8
35. a3 Rd8 36. Nh4 Rg5 37. Nf3 Rg2 38. Rg1 Bxh3 39. Rxg2 Bxg2 40. Nh4 Bh3 41.
b4 Bf1 42. Bxf4 Bxf4 43. Qd1 Bxc4 44. Qxh5+ Kd7 45. Qf7+ Kc8 46. Nf5 Bd3+ 47.
Kb2 Rd7 48. Qe8+ Kc7 49. Ne7 Ba6 50. Nc6 Bc8 51. Nxa7 Ba6 52. Qa8 cxb4 53. Nc6
bxa3+ 54. Kb3 Rf7 55. Qb8+ Kd7 56. Qd8# 1-0

[Event "Lichtenberger Sommer"]
[Site "Berlin"]
[Date "2009.08.19"]
[Round "5.34"]
[White "Ozeran, Volodymyr"]
[Black "Bandlow, Matthias"]
[Result "1/2-1/2"]
[WhiteElo "2064"]
[BlackElo "1997"]
[PlyCount "166"]
[EventDate "2009.??.??"]
[WhiteTeam "SK Dessau 93 e. V."]
[BlackTeam "SC Borussia Friedrichsfelde 1920"]

1. f4 d5 2. b3 e6 3. Bb2 Nf6 4. Nf3 Bd6 5. e3 O-O 6. Be2 c5 7. O-O Nc6 8. Bb5
Bd7 9. Bxc6 Bxc6 10. Ne5 Rc8 11. d3 b5 12. Nxc6 Rxc6 13. Nd2 c4 14. Bd4 Qe7 15.
dxc4 bxc4 16. bxc4 dxc4 17. Qf3 Rfc8 18. c3 e5 19. fxe5 Bxe5 20. Rab1 R6c7 21.
Rb4 h6 22. Rfb1 Qd6 23. h3 Nd5 24. Ne4 Qe6 25. Rb5 Bxd4 26. exd4 Rd8 27. Nc5
Qe8 28. Nb7 Rdd7 29. Nc5 Rd8 30. Rb7 Rxb7 31. Nxb7 Rd7 32. Nc5 Rd6 33. Rb7 Rf6
34. Qg3 Kh7 35. Nd7 Rg6 36. Qe5 Qxe5 37. Nxe5 Ra6 38. Nxc4 Nxc3 39. a3 Ne2+ 40.
Kf2 Nxd4 41. Rxf7 Ra4 42. Rc7 Nb5 43. Rb7 Nxa3 44. Nd6 Kg6 45. Ne8 Rf4+ 46. Kg3
Rf7 47. Rb4 Nc2 48. Ra4 Ne3 49. Ra6+ Kh7 50. Re6 Re7 51. Rxe7 Nf5+ 52. Kf4 Nxe7
53. Nd6 g5+ 54. Kf3 Ng6 55. Nc4 Kg7 56. g3 Kf6 57. Ke4 Ke6 58. g4 a6 59. Na5
Ne5 60. Nb3 Nd7 61. Kd4 Kd6 62. Na5 Ne5 63. Ke4 Nc6 64. Nb3 a5 65. Kf5 a4 66.
Nc1 Nd4+ 67. Kg6 a3 68. Kxh6 Nf3 69. Kh5 Kd5 70. Na2 Kc4 71. Kg6 Kb3 72. Nc1+
Kc2 73. Na2 Kb2 74. Nb4 Kb3 75. Nd3 Ng1 76. Kxg5 Nxh3+ 77. Kf5 Nf2 78. g5 Nxd3
79. g6 a2 80. g7 a1=Q 81. g8=Q+ Kb4 82. Qb8+ Kc4 83. Qg8+ Kb4 1/2-1/2

[Event "Lichtenberger Sommer"]
[Site "Berlin"]
[Date "2009.08.19"]
[Round "5.35"]
[White "Cerdan Herraez, Manuel Vicente"]
[Black "Bendfeldt, Tim"]
[Result "0-1"]
[WhiteElo "1900"]
[BlackElo "2064"]
[PlyCount "69"]
[EventDate "2009.??.??"]
[WhiteTeam "CIM Benimaclet - Valencia"]
[BlackTeam "Kieler SG von 1884 / Meerbauer"]

1. e4 e6 2. d4 d5 3. exd5 exd5 4. Nc3 c6 5. Nf3 Bd6 6. Bd3 Bg4 7. h3 Bh5 8. g4
Bg6 9. Bxg6 hxg6 10. Bg5 f6 11. Be3 Nd7 12. Qd3 Ne7 13. O-O-O Qa5 14. Kb1 O-O-O
15. Bd2 Rde8 16. Ne2 Qc7 17. c4 dxc4 18. Qxc4 Nd5 19. Nc3 N7b6 20. Qd3 Qf7 21.
a3 Kb8 22. h4 Bf4 23. Ne4 Rd8 24. Be3 Rhe8 25. Rhe1 Qe6 26. Bxf4+ Nxf4 27. Nc5
Qxe1 28. Nxe1 Nxd3 29. Nexd3 Rxd4 30. f3 Nc4 31. a4 b6 32. Nb3 Rdd8 33. Nbc1
Ne5 34. g5 Nxd3 35. Kc2 0-1

[Event "Lichtenberger Sommer"]
[Site "Berlin"]
[Date "2009.08.19"]
[Round "5.36"]
[White "Nieber, Alexander"]
[Black "Krajewski, Wolfgang"]
[Result "1/2-1/2"]
[WhiteElo "1826"]
[BlackElo "2131"]
[PlyCount "103"]
[EventDate "2009.??.??"]
[WhiteTeam "SG Aufbau Elbe Magdeburg"]
[BlackTeam "SK Zehlendorf e.V."]

1. d4 c5 2. d5 e5 3. e4 d6 4. c4 f5 5. Nc3 Nf6 6. Bd3 f4 7. Nf3 Be7 8. Bd2 a6
9. Qc2 Qc7 10. g3 fxg3 11. hxg3 Nbd7 12. O-O-O Nf8 13. Nh4 Ng4 14. Rdf1 Bxh4
15. Rxh4 Ng6 16. Rhh1 Bd7 17. f4 O-O-O 18. Be2 Nf6 19. Bh5 Nxh5 20. Rxh5 Rdf8
21. f5 Ne7 22. Rfh1 h6 23. g4 Be8 24. R5h2 Rhg8 25. Qd1 Kb8 26. Rg1 b5 27. Qe2
Qb6 28. Be3 Qa5 29. Kb1 Ka8 30. Rhg2 Nc8 31. g5 h5 32. g6 Nb6 33. cxb5 Bxb5 34.
Nxb5 axb5 35. Rh2 Kb7 36. Rxh5 Ra8 37. b3 Qb4 38. Bd2 Rxa2 39. Bxb4 Rxe2 40.
Ba5 Nd7 41. Rgh1 Nf6 42. Rh8 Rxh8 43. Rxh8 Rxe4 44. Rd8 Rf4 45. Rxd6 Rxf5 46.
Rb6+ Ka7 47. Rxb5 Nxd5 48. Rxc5 e4 49. Bd2 Kb6 50. Rc8 Rf6 51. Re8 Rxg6 52.
Rxe4 1/2-1/2

[Event "Lichtenberger Sommer"]
[Site "Berlin"]
[Date "2009.08.19"]
[Round "5.37"]
[White "Kayser, Stefan"]
[Black "Belger, Christian"]
[Result "1-0"]
[WhiteElo "1964"]
[BlackElo "1975"]
[PlyCount "57"]
[EventDate "2009.??.??"]
[WhiteTeam "Schachclub Oranienburg e.V."]
[BlackTeam "USV Potsdam e.V., Abt. Schach"]

1. d4 Nf6 2. c4 g6 3. Nc3 Bg7 4. e4 d6 5. Be2 O-O 6. f4 e5 7. fxe5 dxe5 8. d5
Na6 9. Nf3 Qe7 10. h3 Nh5 11. O-O Nf4 12. Be3 Bh6 13. Bf2 f5 14. Bd3 Nc5 15.
Bc2 Nd7 16. Re1 a6 17. a3 b6 18. Ba4 Bg7 19. Bc6 Rb8 20. b4 fxe4 21. Nxe4 Nf6
22. Bh4 Bf5 23. Nxe5 Kh8 24. Nxf6 Bxf6 25. Nxg6+ Nxg6 26. Rxe7 Bxh4 27. Rxc7
Bg3 28. Ra7 Nf4 29. Qd4+ 1-0

[Event "Lichtenberger Sommer"]
[Site "Berlin"]
[Date "2009.08.19"]
[Round "5.38"]
[White "Kurbel, Horst-Peter"]
[Black "Penne, Bo"]
[Result "1/2-1/2"]
[WhiteElo "1888"]
[BlackElo "2000"]
[PlyCount "35"]
[EventDate "2009.??.??"]
[WhiteTeam "SV Empor Berlin e.V."]
[BlackTeam "USV Potsdam e.V., Abt. Schach"]

1. d4 d5 2. c4 Nf6 3. Nc3 e6 4. cxd5 exd5 5. Bg5 Be7 6. Qc2 O-O 7. e3 c6 8. Bd3
h6 9. Bf4 Be6 10. Nf3 Nbd7 11. O-O Rc8 12. Rfc1 c5 13. dxc5 Nxc5 14. Nb5 a6 15.
Nbd4 Nxd3 16. Qxd3 Ne4 17. Nxe6 fxe6 18. Ne5 1/2-1/2

[Event "Lichtenberger Sommer"]
[Site "Berlin"]
[Date "2009.08.19"]
[Round "5.39"]
[White "Lerch, Philipp"]
[Black "Schmidt, Jürgen"]
[Result "1/2-1/2"]
[WhiteElo "1905"]
[BlackElo "2035"]
[PlyCount "33"]
[EventDate "2009.??.??"]
[WhiteTeam "TuS Makkabi Berlin e.V."]
[BlackTeam "SC Kreuzberg e.V."]

1. e4 e5 2. Nf3 Nc6 3. Bb5 a6 4. Bxc6 dxc6 5. O-O Qd6 6. d4 exd4 7. e5 Qg6 8.
Qxd4 Be7 9. Kh1 Be6 10. Be3 Nh6 11. c4 Nf5 12. Qc3 Nxe3 13. fxe3 c5 14. Nbd2
O-O 15. e4 f5 16. exf6 Bxf6 17. e5 1/2-1/2

[Event "Lichtenberger Sommer"]
[Site "Berlin"]
[Date "2009.08.19"]
[Round "5.40"]
[White "Bender, Sebastian"]
[Black "Kühnemund, Lutz"]
[Result "0-1"]
[WhiteElo "1482"]
[BlackElo "1924"]
[PlyCount "94"]
[EventDate "2009.??.??"]
[WhiteTeam "SC Zugzwang 95 e.V."]
[BlackTeam "SC Friesen Lichtenberg e.V."]

1. e4 e6 2. d4 d5 3. Nd2 dxe4 4. Nxe4 Nd7 5. Nf3 Be7 6. Bd3 Ngf6 7. Nxf6+ Bxf6
8. Bf4 O-O 9. c3 Re8 10. Ne5 Bxe5 11. dxe5 Nc5 12. Bc2 Qxd1+ 13. Rxd1 a5 14.
Be3 Nd7 15. f4 f6 16. Ba4 c6 17. exf6 gxf6 18. O-O Nf8 19. Rd6 Ng6 20. Bb3 a4
21. Bc2 Ne7 22. g4 Nd5 23. Bd2 Kf7 24. c4 Ke7 25. c5 b6 26. Re1 Bd7 27. Rxd5
cxd5 28. cxb6 h6 29. Re3 Reb8 30. Bb4+ Kf7 31. Bc5 Rg8 32. h3 Rac8 33. Rc3 Bc6
34. b4 h5 35. Bd1 hxg4 36. hxg4 e5 37. fxe5 fxe5 38. Rf3+ Ke6 39. Rg3 Rcd8 40.
Be2 d4 41. b5 Bd5 42. Ra3 Rc8 43. Bb4 Rc2 44. Bd3 Rg2+ 45. Kf1 Rh8 46. Bf5+ Kf7
47. Rxa4 Rh1# 0-1

[Event "Lichtenberger Sommer"]
[Site "Berlin"]
[Date "2009.08.19"]
[Round "5.41"]
[White "Petkov, Peter"]
[Black "Küster, Manfred"]
[Result "0-1"]
[WhiteElo "1918"]
[BlackElo "1903"]
[PlyCount "48"]
[EventDate "2009.??.??"]
[WhiteTeam "vereinslos"]
[BlackTeam "BSC Rehberge 1945 e.V."]

1. e4 d5 2. exd5 Qxd5 3. Nc3 Qa5 4. d4 e5 5. dxe5 Nc6 6. Bb5 Bd7 7. e6 fxe6 8.
Qh5+ g6 9. Qe2 O-O-O 10. Nf3 Bb4 11. Bd2 Nge7 12. O-O a6 13. Bc4 Nd5 14. Ne4
Bxd2 15. Nexd2 Nf4 16. Qe3 Rhf8 17. c3 Qf5 18. Rfe1 g5 19. Nd4 Nxd4 20. cxd4
Kb8 21. Qe4 Nh3+ 22. gxh3 Qxf2+ 23. Kh1 Bc6 24. d5 exd5 0-1

[Event "Lichtenberger Sommer"]
[Site "Berlin"]
[Date "2009.08.19"]
[Round "5.42"]
[White "Hahlbohm, Matthias"]
[Black "Yuan, Yizheng"]
[Result "1-0"]
[WhiteElo "2084"]
[BlackElo "1770"]
[PlyCount "75"]
[EventDate "2009.??.??"]
[WhiteTeam "TSG Oberschöneweide e.V."]
[BlackTeam "Schachpinguine Berlin e.V."]

1. e4 e5 2. Nf3 Nc6 3. Bb5 a6 4. Ba4 Nf6 5. Qe2 b5 6. Bb3 Be7 7. c3 d6 8. h3
O-O 9. O-O Bb7 10. d4 Re8 11. Nbd2 Bf8 12. a4 exd4 13. cxd4 Nxe4 14. Nxe4 d5
15. Nfg5 h6 16. Qf3 hxg5 17. Nxg5 Qf6 18. Qh5 Qg6 19. Qxg6 fxg6 20. Bxd5+ Kh8
21. axb5 axb5 22. Be3 Bb4 23. Rac1 Na5 24. Bxb7 Nxb7 25. Rxc7 Nd6 26. Nf7+ Kg8
27. Ne5 Ra2 28. Bc1 Nf5 29. Rd7 g5 30. Nf3 Re4 31. Rd5 Nd6 32. Nxg5 Re2 33. Bf4
Ne8 34. Rxb5 Raxb2 35. d5 Nd6 36. Rb8+ Ne8 37. d6 Bxd6 38. Bxd6 1-0

[Event "Lichtenberger Sommer"]
[Site "Berlin"]
[Date "2009.08.19"]
[Round "5.43"]
[White "Penner, Markus"]
[Black "Maahs, Erich"]
[Result "0-1"]
[WhiteElo "1886"]
[BlackElo "2174"]
[PlyCount "62"]
[EventDate "2009.??.??"]
[WhiteTeam "SK Zehlendorf e.V."]
[BlackTeam "SC Concordia SAbt Palame"]

1. e4 e5 2. Nf3 Nf6 3. Nxe5 d6 4. Nf3 Nxe4 5. d4 d5 6. Bd3 Bd6 7. O-O O-O 8. c4
c6 9. Qc2 Nf6 10. Bg5 h6 11. Bh4 Na6 12. a3 dxc4 13. Bxc4 Nc7 14. Nbd2 Be6 15.
Ne5 Be7 16. Ndf3 Bxc4 17. Qxc4 Nfd5 18. Bxe7 Qxe7 19. Rfe1 Ne6 20. Re4 Rad8 21.
Rae1 Rd6 22. Nh4 Qf6 23. Nhf3 Rfd8 24. Ng4 Qg6 25. Nfe5 Qh5 26. Qd3 f5 27. R4e3
fxg4 28. Rg3 Nf6 29. Qb3 Rd5 30. Qxb7 Nxd4 31. h3 Rxe5 0-1